<?xml version="1.0" encoding="UTF-8"?>
<record
    xmlns:xsi="http://www.w3.org/2001/XMLSchema-instance"
    xsi:schemaLocation="http://www.loc.gov/MARC21/slim http://www.loc.gov/standards/marcxml/schema/MARC21slim.xsd"
    xmlns="http://www.loc.gov/MARC21/slim">

  <leader>01146nam a22002057a 4500</leader>
  <controlfield tag="003">OSt</controlfield>
  <controlfield tag="005">20260327141955.0</controlfield>
  <controlfield tag="008">260327b        |||||||| |||| 00| 0 SPA d</controlfield>
  <datafield tag="082" ind1=" " ind2=" ">
    <subfield code="2">9781472304346</subfield>
  </datafield>
  <datafield tag="100" ind1=" " ind2=" ">
    <subfield code="a">Parragon Books.</subfield>
  </datafield>
  <datafield tag="245" ind1=" " ind2=" ">
    <subfield code="a">El Cuerpo Humano un libro de consulta para toda la familia </subfield>
  </datafield>
  <datafield tag="250" ind1=" " ind2=" ">
    <subfield code="a">1 EDICION</subfield>
  </datafield>
  <datafield tag="260" ind1=" " ind2=" ">
    <subfield code="a">Nueva York, EE. UU</subfield>
    <subfield code="b">Parragon Books Ltd</subfield>
    <subfield code="c">2013</subfield>
  </datafield>
  <datafield tag="300" ind1=" " ind2=" ">
    <subfield code="b">256 p&#xE1;ginas</subfield>
  </datafield>
  <datafield tag="490" ind1=" " ind2=" ">
    <subfield code="3">Tapa dura Carton&#xE9;</subfield>
  </datafield>
  <datafield tag="520" ind1=" " ind2=" ">
    <subfield code="a">Anatom&#xED;a y Sistemas: Explica detalladamente los sistemas del cuerpo (esquel&#xE9;tico, muscular, nervioso, circulatorio, etc.), utilizando ilustraciones claras para mostrar d&#xF3;nde est&#xE1; cada &#xF3;rgano y qu&#xE9; funci&#xF3;n cumple 
Ciclo de Vida: Aborda temas como la reproducci&#xF3;n, el crecimiento desde la infancia hasta la vejez y c&#xF3;mo el cuerpo cambia con el tiempo 
Salud y Bienestar: Incluye secciones sobre nutrici&#xF3;n, la importancia del ejercicio y c&#xF3;mo el cuerpo se defiende de las enfermedades</subfield>
  </datafield>
  <datafield tag="650" ind1=" " ind2=" ">
    <subfield code="a">Cuerpo humano / Anatom&#xED;a humana / Fisiolog&#xED;a humana.</subfield>
    <subfield code="v">Obras de divulgaci&#xF3;n / Enciclopedias y diccionarios</subfield>
    <subfield code="x">Siglo XXI</subfield>
  </datafield>
  <datafield tag="700" ind1=" " ind2=" ">
    <subfield code="a">Parragon Books.</subfield>
  </datafield>
  <datafield tag="942" ind1=" " ind2=" ">
    <subfield code="2">ddc</subfield>
    <subfield code="c">BK</subfield>
    <subfield code="n">0</subfield>
  </datafield>
  <datafield tag="952" ind1=" " ind2=" ">
    <subfield code="0">0</subfield>
    <subfield code="1">0</subfield>
    <subfield code="2">ddc</subfield>
    <subfield code="4">0</subfield>
    <subfield code="7">0</subfield>
    <subfield code="8">E04</subfield>
    <subfield code="a">ISUS</subfield>
    <subfield code="b">ISUS</subfield>
    <subfield code="c">Biblioteca Cerrada</subfield>
    <subfield code="d">2026-03-27</subfield>
    <subfield code="e">cuerpo humano</subfield>
    <subfield code="l">0</subfield>
    <subfield code="o">0790</subfield>
    <subfield code="p">MEDI0790</subfield>
    <subfield code="r">2026-03-27 14:17:11</subfield>
    <subfield code="t">1</subfield>
    <subfield code="w">2026-03-27</subfield>
    <subfield code="y">BK</subfield>
  </datafield>
  <datafield tag="999" ind1=" " ind2=" ">
    <subfield code="c">2033</subfield>
    <subfield code="d">2033</subfield>
  </datafield>
</record>
